Bilecik Bilecik Bilecik Bilecik Bilecik

Time bird/ (Record no. 39486)

MARC details
000 -BAŞLIK
Sabit Uzunluktaki Kontrol Alanı 00861nam a22003257a 4500
001 - KONTROL NUMARASI
Control Dosyası 0039607
003 - KONTROL NUMARASI KİMLİĞİ
Kontrol Alanı KOHA_MİRAKIL
005 - EN SON İŞLEM TARİHİ ve ZAMANI
Kontrol Alanı 20260207003134.0
007 - FİZİKSEL TANIM SABİT ALAN - GENEL BİLGİ
Sabit uzunluklu kontrol alanı ta
008 - SABİT UZUNLUKTAKİ VERİ ÖGELERİ - GENEL BİLGİ
Sabit Alan 130307b1993 enka|||gr||||#0|||1|eng |
020 ## - ISBN - ULUSLARARASI STANDART KİTAP NUMARASI
Isbn 0140813667
040 ## - KATALOGLAMA KAYNAĞI
Özgün Kataloglama Kurumu TR-BiSEU
Kataloglama Dili tur
Çeviri Kurumu TR-BiSEU
Açıklama Kuralları rda
041 0# - DİL KODU
Metin ya da ses kaydının dil kodu eng
044 ## - YAYINLAYAN/ÜRETEN KURULUŞUN ÜLKE KODU
ISO country code enk
050 ## - SINIFLAMA ve YER NUMARASI
Sınıflama Numarası PE1128.E83
Yer Numarası I54 1993
100 1# - KİŞİ ADI
Yazar Adı (Kişi adı) Escott, John.
245 1# - ESER ADI BİLDİRİMİ
Başlık Time bird/
Sorumluluk Bildirimi John Escott ; John Escott.
264 #1 - ÜRERİM, YAYIN, DAĞITIM ve TELİF BİLDİRİMİ
Yayın yeri London :
Yayınlayan Penguin Books
Yayın tarihi 1993
300 ## - FİZİKSEL TANIMLAMA
Sayfa, Cilt vb. 48 p. :
Diğer fiziki detaylar ill.
336 ## - İÇERİK TÜRÜ
Content type term metin
Content type code txt
Source rdacontent
337 ## - MEDYA TÜRÜ
Media type term aracısız
Media type code n
Source rdamedia
338 ## - TAŞIYICI TÜRÜ
Carrier type term cilt
Carrier type code nc
Source rdacarrier
490 1# - DİZİ BİLDİRİMİ
Dizi Bildirimi Ready Readers ;
Cilt Numarası 2
500 ## - GENEL NOT
Genel Not Level 3
650 #0 - KONU BAŞLIĞI EK GİRİŞ - KONU TERİMİ
Konusal terim veya coğrafi ad İngilizce hikaye.
9 (RLIN) 11986
650 #0 - KONU BAŞLIĞI EK GİRİŞ - KONU TERİMİ
Konusal terim veya coğrafi ad Short stories.
9 (RLIN) 14266
830 1# - SERİ EK GİRİŞİ - TEKBİÇİM ESER ADI
Tekbiçim Başlık Ready Readers ;
Volume number/sequential designation 2
9 (RLIN) 73590
907 ## - LOCAL DATA ELEMENT G, LDG (RLIN)
a Dil
942 ## - EK GİRİŞ ÖGELERİ (KOHA)
Source of classification or shelving scheme Library of Congress Classification
Koha item type Book
Holdings
Materyal Türü Kalıcı Konum Mevcut Konum Raf Yeri Sınıflandırma Kaynağı Edinim Bilgisi Ana Konular Alt Konular Yer Numarası Demirbaş Numarası Fatura Tarihi Maliyet, Alış Fiyatı Maliyet, Yenileme Fiyatı Geri Çekilme Durumu Kayıp Durumu Hasarlı Durumu Kredi için değil Kayıt Tarih Toplam Ödünçverme Son Görülme Tarihi Son Kontrol Tarihi Genel / Bağış Notu
Book Prof. Dr. Azmi Özcan Kütüphanesi Prof. Dr. Azmi Özcan Kütüphanesi Birûni Salonu Library of Congress Classification Bağış DİL VE EDEBİYAT İngiliz Dili PE1128.E83 I54 1993 0039607 02/02/2026 4.00 4.00         07/03/2013 3 05/12/2024 05/12/2024 Genel Bağış